000 00405nam a22001337a 4500
020 _a0-471-23302-1
082 _a658.404 MOR
100 _aMORRIS, PETER W.G ,PINTO, JEFFREY K
_956650
245 _aTHE WILEY GUIDE TO MANAGING PROJECTS
260 _aNEW YORK
_bJOHN WILEY
_c2004
300 _aXXIV,1413P
650 _aPROJECT MANAGEMENT.TECHNOLOGY MANAGEMENT.SUPPLY CHAIN MANAGEMENT.
_956651
942 _cBK
999 _c567023
_d567023